50 Countries With the Lowest Life Expectancy - Statistics

General Stats
  • This quiz has been taken 409 times
  • The average score is 40 of 50
Answer Stats
Rank Life Expectancy Country % Correct
2 54.6 Chad
93%
24 62.9 Niger
93%
1 53.7 Central African Republic
91%
44 67.1 Ethiopia
91%
4 55.1 Nigeria
91%
34 64.8 Republic of the Congo
91%
8 58.2 South Sudan
91%
38 65.6 Sudan
91%
6 57.8 Somalia
90%
12 59.8 Mali
88%
15 61.3 Mozambique
87%
42 66.8 Eritrea
86%
23 62.6 Gambia
86%
19 62 Guinea
86%
43 67 Kenya
86%
3 54.8 Lesotho
86%
27 64.1 Zambia
86%
17 61.5 Angola
85%
30 64.4 Ghana
85%
36 65.2 Mauritania
85%
26 64.1 Namibia
85%
25 62.7 Uganda
85%
18 61.6 Zimbabwe
85%
20 62 Burundi
84%
39 65.8 Tanzania
84%
13 60.4 eSwatini
83%
41 66.6 Gabon
83%
5 55.2 Sierra Leone
83%
22 62.2 Benin
82%
11 59.7 Cameroon
82%
9 58.8 Guinea Bissau
82%
31 64.4 Liberia
82%
33 64.7 Malawi
82%
16 61.5 Togo
82%
37 65.3 Afghanistan
81%
45 67.3 Djibouti
81%
48 67.5 Madagascar
81%
28 64.4 South Africa
81%
7 58.1 Ivory Coast
80%
10 59.2 Equatorial Guinea
79%
40 66.3 Yemen
78%
21 62.2 Burkina Faso
77%
32 64.6 Comoros
71%
29 64.4 Haiti
68%
47 67.5 Pakistan
68%
35 64.8 Papua New Guinea
55%
46 67.4 Myanmar
50%
14 61 Democratic Republic of the Congo
49%
49 67.6 Fiji
33%
50 68 Micronesia
29%
No matching quizzes found
Score Distribution
Percent of People with Each Score
Percentile by Number Answered
Your Score History
You have not taken this quiz